LEADER 01199nam a2200265 i 4500 001 000000139784 003 CaOOAMICUS 005 20061025000000.0 008 061025s1972 fr u000 u fre u 013 $a113917 040 $aSeMil$bita 100 1 $aArminjon, Gabriel.$0(OLS)http://semarc/name/56387 245 10$aCharles Arminjon :$b... Ce prêtre qui inspira Thérèse de Lisieux /$cpar Gabriel Arminjon. 260 $aParis :$bBeauchesne,$c1972. 300 $a228 p. ;$c19 cm. 490 0 $aFigures d'hier et d'aujourd'hui 500 $aSul front. e all'interno del volume : Annotazioni varie. 600 14$aArminjon, Charles .$0(OLS)http://semarc/subject/27468 600 04$aTeresa : del Bambino Gesù .$0(OLS)http://semarc/subject/1572 830 0$aFigures d'hier et d'aujourd'hui.$0(OLS)http://semarc/title/22051 850 $aSeMil 852 $aSeMil$W1$xVenegono$y1$m3J II 348$j93174$B93174$CSeMilBibl$Z2$F116124 $81 961 $aRecupero: Altro 996 $6245$aCharles Arminjon :$b... Ce prêtre qui inspira Thérèse de Lisieux$9(OLS)http://semarc/title/204169 996 $6260$aParis :$bBeauchesne$9(OLS)http://semarc/publisher/29638 LEADER 01110nam a2200241 i 4500 001 000000138621 003 CaOOAMICUS 005 20251107123854.0 008 050506s1949 it u000 u lat u 013 $a112519 040 $aSeMil$bita 100 0 $aTommaso : d'Aquino,$c.$0(OLS)http://semarc/name/423 245 10$aIn decem libros Ethicorum Aristotelis ad Nicomachum Expositio /$cS. Thomae Aquinatis ; Cura et studio Raymundi M. Spiazzi. 260 $aTaurini ; Romae :$bMarietti,$c1949. 300 $aXV, 610 p. ;$c25 cm. 650 4$aAristotele <384-322 a.C.> . Etica - Interpretazione [di] Tommaso d'Aquino.$0(OLS)http://semarc/subject/53770 700 1 $aSpiazzi, Raimondo,$c.$0(OLS)http://semarc/name/89725 850 $aSeMil 852 $aSeMil$W1$xVenegono$y1$m2N III 45$j92110$B92110$CSeMilBibl$Z2$F97488 $81 961 $aOmaggio: Altro 996 $6245$aIn decem libros Ethicorum Aristotelis ad Nicomachum Expositio$9(OLS)http://semarc/title/202636 996 $6260$aTaurini ; Romae :$bMarietti$9(OLS)http://semarc/publisher/30253